Big-Enough God (Record no. 9477)

MARC details
000 -LEADER
fixed length control field 00590nam a2200241 a 4500
020 ## - INTERNATIONAL STANDARD BOOK NUMBER
ISBN 026431X
082 00 - DEWEY DECIMAL CLASSIFICATION NUMBER
Classification number 230.046
Author Cutter MAI
100 ## - MAIN ENTRY--AUTHOR NAME
Author name Maitland, Sara
245 ## - TITLE STATEMENT
Title Big-Enough God
Sub title Artful Theology
260 ## - PUBLICATION, DISTRIBUTION, ETC. (IMPRINT)
Place of publication New York
Name of publisher Mowbray
Year of publication 1995
300 ## - PHYSICAL DESCRIPTION
Number of Pages 191p
500 ## - GENERAL NOTE
General note includes index and biblioraphy
505 2# - FORMATTED CONTENTS NOTE
Formatted contents note Index
650 ## - SUBJECT ADDED ENTRY--TOPICAL TERM
Topical Term Liberation-Theology
942 ## - ADDED ENTRY ELEMENTS (KOHA)
Koha item type Books
700 1# -
-- Maitland, Sara
Holdings
Collection code Home library Current library Date acquired Cost, normal purchase price Full call number Accession Number Koha item type
  Henry Martyn Institute Library Henry Martyn Institute Library 06/13/2007 813.26 230.046 MAI 017542 Books
                   Copyright © 2026 | Henry Martyn Institute | Hyderabad | TS-500052 | INDIA | Implemented by hmi.edu.in
Hit-Count:

Powered by Koha